LEADER 01100nam a2200217 i 4500 001 000000133566 003 CaOOAMICUS 005 20140317000000.0 008 140317s1736 it u000 u lat u 013 $a106585 026 $ai.us s;s, i-a- glqu (3) 1736 (R) 040 $aSeMil$bita 245 10$aTomus 1. 300 $aXXVIII, 730, [2] p. 500 $aSegn. : a-c4 d2 A-4Y4 4Z2 (Z2 bianca). - Manca il front. - Fondo Bidoglio. 773 0 $aGavanti, Bartolomeo <1569-1638>$tThesaurus sacrorum rituum ab A.R.P.D. Bartholomaeo Gavanto ... Olim concinnatus, et saepius editus, nunc vero correctior, et locupletior, adjectis summorum pontificum, et S.R.C. decretis usque ad praesens emanatis, novisque observationibus, et additionibus Cajetani Mariae Merati ... Tomus 1. [-4.].$dRomae : ex Typographia Vaticana : apud Joannem Mariam Henricum Salvioni, 1736-1738.$g1$w()29529 850 $aSeMil 852 $aSeMil$W1$xVenegono$y1$m3C III 45 FA$j87385$B87385$CSeMilBibl$Z2$F91574 $8I 941 1 $a2 961 $aLascito: Bidoglio don Maurizio 996 $6245$aTomus 1$9(OLS)http://semarc/title/47282 LEADER 00554nas a2200157 i 4500 001 000000019979 003 CaOOAMICUS 005 20180830125444.0 008 180830n fr u0 und u 040 $aSeMil$bita 245 14$aLes collections Nelson. 260 $aParis :$bNelson,$c[19-?] 300 $av. ;$c17 cm. 774 0 $aDumas, Alexandre $tChevalier de Maison-Rouge.$dParis : Nelson, [19-?]$w()19980 996 $6245$aLes collections Nelson$9(OLS)http://semarc/title/26290 996 $6260$aParis :$bNelson$9(OLS)http://semarc/publisher/30228